000 00677nam a22002177a 4500
003 UA-OsUOA
001 69142
007 ta
008 20100609b un ||||| |||| 00| 0 ukr d
100 _aСтепанков В.
090 _a32
_bС79
942 _cSA
040 _aUA-OsUOA
_bukr
_cUA-OsUOA
_dUA-OsUOA
245 _aКастрація національної історичної пам'яті, або Що передбачає проект нової концепції викладання історії України в школі
300 _aС.14
955 _a0
041 _aukr
080 _a32
773 0 _w69139
650 7 _a32 Політика
_2UDC
999 _c355398
_d355398